<?xml version="1.0" encoding="UTF-8"?>
<record
    xmlns:xsi="http://www.w3.org/2001/XMLSchema-instance"
    xsi:schemaLocation="http://www.loc.gov/MARC21/slim http://www.loc.gov/standards/marcxml/schema/MARC21slim.xsd"
    xmlns="http://www.loc.gov/MARC21/slim">

  <leader>01292nam a2200229   4500</leader>
  <datafield tag="020" ind1=" " ind2=" ">
    <subfield code="a">9960897710</subfield>
  </datafield>
  <datafield tag="040" ind1=" " ind2=" ">
    <subfield code="c">PK-NSHS</subfield>
  </datafield>
  <datafield tag="082" ind1=" " ind2=" ">
    <subfield code="a">297.63 </subfield>
    <subfield code="b">ABU</subfield>
  </datafield>
  <datafield tag="100" ind1=" " ind2=" ">
    <subfield code="a">Abu Khalil, Shawqi,</subfield>
    <subfield code="9">113222</subfield>
  </datafield>
  <datafield tag="245" ind1=" " ind2=" ">
    <subfield code="a">Atlas on the prophets (P.B.U.H) biography/</subfield>
    <subfield code="b">An Authentic Collection of Iformation on Proophet's Seerah With Maps, Illustrations &amp; Pictures:</subfield>
    <subfield code="c">Shawqi Abu Khalil</subfield>
  </datafield>
  <datafield tag="260" ind1=" " ind2=" ">
    <subfield code="a">Riyadh: </subfield>
    <subfield code="b">Dar-us-Salam Publications,</subfield>
    <subfield code="c">2003.</subfield>
  </datafield>
  <datafield tag="300" ind1=" " ind2=" ">
    <subfield code="a">292 pages :</subfield>
    <subfield code="b">illustrations, maps ;</subfield>
  </datafield>
  <datafield tag="500" ind1=" " ind2=" ">
    <subfield code="a">DC010825</subfield>
  </datafield>
  <datafield tag="520" ind1=" " ind2=" ">
    <subfield code="a">This book rounds up a series of atlases, written and compiled by the author in the same pattern. It reviews the biography of the Prophet (S) and tracks the places he honored by his visits, the battles he fought, and the expeditions and envoys he directed. The book presents all the required maps, illustrations, drawings and pictures.
Briefings and excerpts have been added to the pictures and drawings for better understanding, benefit and satisfaction of the readers.</subfield>
  </datafield>
  <datafield tag="546" ind1=" " ind2=" ">
    <subfield code="a">In English</subfield>
  </datafield>
  <datafield tag="600" ind1=" " ind2=" ">
    <subfield code="a">Muhammad, prophet (PBUH) -- biography.</subfield>
    <subfield code="9">130290</subfield>
  </datafield>
  <datafield tag="650" ind1=" " ind2=" ">
    <subfield code="a">Muhammad, Prophet -- Biography.</subfield>
    <subfield code="9">130291</subfield>
  </datafield>
  <datafield tag="650" ind1=" " ind2=" ">
    <subfield code="a">Islam-- History.</subfield>
    <subfield code="9">37202</subfield>
  </datafield>
  <datafield tag="650" ind1=" " ind2=" ">
    <subfield code="a">Muhammad, Prophet -- Wars.</subfield>
    <subfield code="9">130292</subfield>
  </datafield>
  <datafield tag="942" ind1=" " ind2=" ">
    <subfield code="2">ddc</subfield>
    <subfield code="c">BK</subfield>
  </datafield>
  <datafield tag="999" ind1=" " ind2=" ">
    <subfield code="c">614517</subfield>
    <subfield code="d">614517</subfield>
  </datafield>
  <datafield tag="952" ind1=" " ind2=" ">
    <subfield code="0">0</subfield>
    <subfield code="1">0</subfield>
    <subfield code="2">ddc</subfield>
    <subfield code="4">0</subfield>
    <subfield code="7">0</subfield>
    <subfield code="a">NSHS</subfield>
    <subfield code="b">NSHS</subfield>
    <subfield code="d">2025-08-11</subfield>
    <subfield code="g">1500.00</subfield>
    <subfield code="o">297.63  ABU</subfield>
    <subfield code="p">NSHS-2036</subfield>
    <subfield code="r">2025-08-11</subfield>
    <subfield code="v">3000.00</subfield>
    <subfield code="w">2025-08-11</subfield>
    <subfield code="y">BK</subfield>
  </datafield>
</record>
